000
00275nam a22001217a 4500
008
170608b xxu||||| |||| 00| 0 eng d
041
_a
eng
080
_a
327
100
_a
18
101
_a
SHP
245
_a
THE TRAGEDY OF POLITICAL SCIENCE
_c
RICCI.D.M
942
_2
udc
_c
BK
999
_c
16569
_d
16569